| 000 | 00769nam a2200253 i 4500 | ||
|---|---|---|---|
| 001 | bg | ||
| 100 | 1 | _aSIKORSKI, Czesław | |
| 245 | 1 | 0 |
_aZachowania ludzi w organizacji / _cCzesław Sikorski. |
| 260 |
_aWarszawa : _bWydaw. Naukowe PWN, _c2002. |
||
| 300 |
_a300 s. : _brys. ; _c21 cm. |
||
| 504 | _aBibliogr. przy rozdz. | ||
| 650 | 9 |
_aOrganizacje _xpsychologia |
|
| 650 | 9 |
_aOrganizacje _xsocjologia |
|
| 650 | 9 | _aZachowanie | |
| 655 | _aPodręczniki akademickie | ||
| 020 | _a8301129158 | ||
| 040 | _cBPK | ||
| 041 | 0 | _apol | |
| 080 | _a65.01:316.354:159.94](075.8) | ||
| 920 | _a83-01-12915-8 | ||
| 942 | _cKS | ||
| 008 | s pl f |000 0 pol | ||
| 999 |
_c44895 _d44895 |
||
| 856 |
_uhttp://koha.tu.koszalin.pl/cgi-bin/koha/opac-detail.pl?biblionumber=44895 _yKatalog online BPK |
||